| 000 | 00983nam a22002777a 4500 | ||
|---|---|---|---|
| 999 |
_c325523 _d325523 |
||
| 003 | BLK | ||
| 005 | 20250708093148.0 | ||
| 008 | 181018b bu ||||| |||| 00| 0 bu d | ||
| 020 | _a9786190103073 | ||
| 040 | _aBLK | ||
| 041 |
_aBUL _cBUL |
||
| 080 |
_aМашинна графика _b004 _z004 |
||
| 100 |
_aГалоуей, Скот _eпърви автор _91299 |
||
| 139 |
_aГалоуей, Скот _bГ 18 |
||
| 245 |
_aThe Four _bСкритата ДНК на Амазон, Епъл, Фейсбук и Гугъл _cСкот Галоуей ; прев. Мария Кондакова |
||
| 260 |
_9210881 _aСофия _bИзток-Запад _c2018 |
||
| 300 |
_a320 с. _c20 см |
||
| 380 | _a0 | ||
| 650 | 0 |
_9280577 _aИнформационни мрежи |
|
| 653 | 7 |
_9187785 _aинформационни войни |
|
| 852 |
_bП _cП 004/Г 18 |
||
| 942 |
_cKNG _n0 _09 _s1 |
||
| 999 | _d325523 | ||
| 999 | _d325523 | ||
| 944 |
_k30531 _lЦветелина Шанова |
||